LINEAR ALGEBRA AND MATRICES (Record no. 10050)

MARC details
000 -LEADER
fixed length control field 00319nam a22001457a 4500
003 - CONTROL NUMBER IDENTIFIER
control field SGT
082 ## - DEWEY DECIMAL CLASSIFICATION NUMBER
Classification number 512.55,SIN
100 ## - MAIN ENTRY--PERSONAL NAME
Personal name SINGH,BHUPENDRA
245 ## - TITLE STATEMENT
Title LINEAR ALGEBRA AND MATRICES
250 ## - EDITION STATEMENT
Edition statement 1ST
260 ## - PUBLICATION, DISTRIBUTION, ETC. (IMPRINT)
Place of publication, distribution, etc MEERUT
Name of publisher, distributor, etc PRAGATI PRAKASHAN
Year of Publication 2015
300 ## - PAGE DESCRIPTION
No. of Pages 486
650 ## - SUBJECT ADDED ENTRY--TOPICAL TERM
Topical term or geographic name as entry element MATHEMATICS
942 ## - ADDED ENTRY ELEMENTS (KOHA)
Source of classification or shelving scheme Dewey Decimal Classification
Koha item type FPS Books
942 ## - ADDED ENTRY ELEMENTS (KOHA)
-- 21
Holdings
Withdrawn status Lost status Source of classification or shelving scheme Damaged status Not for loan Collection code Home library Current library Shelving location Date acquired Vendor Name Cost, normal purchase price SGTU Bill Number Total Checkouts Full call number Accession No. (Barcode) Date last seen Date last borrowed Bill Date Koha item type
    Dewey Decimal Classification     SCIENCE SGT Science & Social Sciences Library SGT Science & Social Sciences Library Text Book 26/11/2016 PRAGATI PRAKASAHN 295.00 SGTU 7099 24 512.55,SIN PS2828 26/06/2025 18/02/2025 26/06/2016 FPS Books
    Dewey Decimal Classification     SCIENCE SGT Science & Social Sciences Library SGT Science & Social Sciences Library Text Book 26/11/2016 PRAGATI PRAKASAHN 295.00 SGTU 7099 15 512.55,SIN PS2829 31/03/2025 31/03/2025 26/06/2016 FPS Books
    Dewey Decimal Classification     SCIENCE SGT Science & Social Sciences Library SGT Science & Social Sciences Library Text Book 26/11/2016 PRAGATI PRAKASAHN 295.00 SGTU 7099 22 512.55,SIN PS2830 30/05/2025 20/05/2025 26/06/2016 FPS Books